000
00286nam a22001337a 4500
008
190220b xxu||||| |||| 00| 0 eng d
020
_a
9789928149206
041
_a
eng
080
_a
910
100
_a
42
101
_a
GJEO
245
_a
Gjeografia Rurale
_c
Laçi,S
942
_2
udc
_c
BK
999
_c
54108
_d
54108